000 00488nam a2200169 u 4500
001 000022830
005 20200930021826.0
008 101119nuuuuuuuudr r 000 0 spa d
040 _aDO-SdBNP
_bspa
_cBNPHU
082 _axxxxx
_bV935c
100 1 _aVoltaire
_946917
245 1 0 _aCándido /
_cVoltaire.
260 _aSanto Domingo, República Dominicana :
_bAlfa y Omega,
_c[19??].
300 _a144 p. ;
_c21 cm.
500 _aEn la portada: inmortales de la literatura.
049 _aBNGR
999 _c22327
_d22327